000 005660000a22002050004500
003 LK-CoMWRAF
005 20231106150353.0
008 230817t1983 ||||| |||| 00| 0 eng d
020 _a086531599X
040 _aLK-CoMWRAF
_dLK-CoMWRAF
_eLK-CoMWRAF
041 _aeng
082 _a956
_bGOL
100 _aGoldschmidt, Arthur
245 _aA Concise History of the Middle East
250 _a2nd ed.
260 _aBoulder:
_bWestview,
_c1983
300 _a ix, 501 pages : illustrations, maps ; 24 cm
_bIndex included
650 _aMIDDLE EAST-History
942 _cBK
999 _c954
_d954